| 000 -ლიდერი |
| ფიქსირებული სიგრძის საკონტროლო ველი |
01538nam a2200289Ia 4500 |
| 001 - საკონტროლო ნომერი |
| საკონტროლო ველი |
19543 |
| 003 - საკონტროლო ნომრის იდენტიფიკატორი |
| საკონტროლო ველი |
GE_BSU |
| 005 - ბოლო ოპერაციის თარიღი და დრო |
| საკონტროლო ველი |
20200227152905.0 |
| 008 - ფიქსირებული სიგრძის მონაცემთა ელემენტები - ზოგადი ინფორმაცია |
| ფიქსირებული სიგრძის საკონტროლო ველი |
181216s1969||||ge |||||||||||||| ||geo|| |
| 040 ## - კატალოგიზაციის წყარო |
| Transcribing agency |
GE_BSU |
| 041 ## - ენის კოდი |
| Language code of text/sound track or separate title |
geo |
| 080 ## - უნივერსალური ათობითი კლასიფიკაციის ინდექსი |
| Universal Decimal Classification number |
81(44)(092) თ-86 |
| 100 ## - მთავარი ჩანაწერი - პიროვნების სახელი |
| Personal name |
თურნავა, სერგო |
| 9 (RLIN) |
7548 |
| 245 ## - ცნობა სათაურის შესახებ |
| Title |
რენე ლაფონი და საქართველო : |
| Remainder of title |
[ნარკვევი ფრანგი ბასკოლოგის და კავკასიოლოგის შესახებ] / |
| Statement of responsibility, etc |
სერგო თურნავა ; რედ. ლ. მიმინოშვილი. |
| 264 ## - წარმოების, გამოცემის, დისტრიბუციის და სხვა ცნობები |
| გამოცემის, წარმოების, დისტრიბუციის... ადგილი |
თბილისი : |
| გამოცემის, წარმოების, დისტრიბუციის... სახელწოდება |
მეცნიერება, |
| გამოცემის, წარმოების, დისტრიბუციის... თარიღი |
1969. |
| 300 ## - ფიზიკური აღწერა |
| Extent |
95 გვ. ; |
| Dimensions |
22 სმ. |
| 504 ## - BIBLIOGRAPHY, ETC. NOTE |
| Bibliography, etc |
ბიბლიოგრ. : გვ. 92. - რენე ლაფონის დაბეჭდილი სამეცნიერო ნაშრომების ბიბლიოგრ. : 89-91 |
| 520 ## - SUMMARY, ETC. |
| Summary, etc |
რეზუმე ფრანგულ ენაზე |
| 653 ## - INDEX TERM--UNCONTROLLED |
| Uncontrolled term |
ენათმეცნიერება |
| 653 ## - INDEX TERM--UNCONTROLLED |
| Uncontrolled term |
ქართული კულტურა |
| 653 ## - INDEX TERM--UNCONTROLLED |
| Uncontrolled term |
ფრანგი ენათმეცნიერები |
| 653 ## - INDEX TERM--UNCONTROLLED |
| Uncontrolled term |
ფრანგი კავკასიოლოგები |
| 653 ## - INDEX TERM--UNCONTROLLED |
| Uncontrolled term |
ფრანგი ბასკოლოგები |
| 700 ## - ADDED ENTRY--PERSONAL NAME |
| Personal name |
მიმინოშვილი, ლ. |
| Relator term |
რედაქტორი |
| 9 (RLIN) |
7549 |
| 942 ## - ADDED ENTRY ELEMENTS (KOHA) |
| Koha item type |
წიგნი |
| Source of classification or shelving scheme |
|